000
00266nam a2200097Ia 4500
001
649721
005
20250826153747.0
008
250824s9999 xx 000 0 und d
245
0
_a
LEVENT TÜRKİYEYİ GEZİYORUM 25 HATAY DA
_c
MUSTAFA ORAKÇI
260
_b
TİMAŞ ÇOCUK
999
_c
649721
_d
649721